[Event "Titled Tuesday intern op 14th May Late"]
[Site "Chess.com INT"]
[Date "2024.05.14"]
[Round "8"]
[White "Derraugh, Geordie"]
[Black "Zalapa, Alejandro"]
[Result "0-1"]
[WhiteElo "2177"]
[BlackElo "1923"]
[PlyCount "78"]
[EventDate "2024.05.14"]
[EventType "swiss (blitz)"]
[EventRounds "11"]
[EventCountry "USA"]
[SourceTitle "CBM 220 Extra"]
[Source "ChessBase"]
[SourceDate "2024.07.31"]
[SourceVersion "1"]
[SourceVersionDate "2024.07.31"]
[SourceQuality "1"]

1. e4 c5 2. Nf3 d6 3. d4 cxd4 4. Nxd4 Nf6 5. Nc3 a6 6. Be2 e5 7. Nb3 Be7 8. Be3 Be6 9. Nd5 Nbd7 10. Qd3 Bxd5 11. exd5 0-0 12. g4 b5 13. g5 Ne8 14. h4 Nb6 15. Nd2 Rc8 16. b3 f5 17. gxf6 Nxf6 18. c4 bxc4 19. bxc4 Na4 20. Nb3 Nd7 21. Bg4 Ndc5 22. Qe2 Nc3 23. Qc2 N3e4 24. Bxc8 Qxc8 25. Nxc5 Nxc5 26. h5 e4 27. Bxc5 Qxc5 28. Rh2 e3 29. Qe4 exf2+ 30. Kf1 Bf6 31. Rc1 Be5 32. Rg2 Rf4 33. Qe2 Qa3 34. Rb1 Qh3 35. Rb8+ Kf7 36. Rb7+ Kf8 37. Rb8+ Kf7 38. Rb7+ Kf6 39. h6 Qh1+ 0-1

[Event "Titled Tuesday intern op 14th May Late"]
[Site "Chess.com INT"]
[Date "2024.05.14"]
[Round "6"]
[White "Koziol, Kamil"]
[Black "Zalapa, Alejandro"]
[Result "0-1"]
[WhiteElo "2286"]
[BlackElo "1923"]
[PlyCount "66"]
[EventDate "2024.05.14"]
[EventType "swiss (blitz)"]
[EventRounds "11"]
[EventCountry "USA"]
[SourceTitle "CBM 220 Extra"]
[Source "ChessBase"]
[SourceDate "2024.07.31"]
[SourceVersion "1"]
[SourceVersionDate "2024.07.31"]
[SourceQuality "1"]

1. e4 c5 2. Nf3 d6 3. d4 cxd4 4. Qxd4 Bd7 5. Be3 Nc6 6. Qd2 Nf6 7. Nc3 g6 8. Bd3 h5 9. 0-0-0 Bg7 10. Ng5 0-0 11. h3 Qa5 12. g4 Rac8 13. Kb1 Nb4 14. a3 Nxd3 15. cxd3 b5 16. gxh5 Nxh5 17. Nd5 Qd8 18. f4 e6 19. Nc3 a5 20. Ne2 b4 21. Bd4 e5 22. Be3 bxa3 23. bxa3 Rb8+ 24. Ka2 f6 25. Nf3 Be6+ 26. Ka1 f5 27. fxe5 dxe5 28. d4 fxe4 29. Nxe5 Rb3 30. Qc1 Qe7 31. Nc6 Rxa3+ 32. Kb2 Ra2+ 33. Kb1 Qb7+ 0-1

[Event "Titled Tuesday intern op 14th May Late"]
[Site "Chess.com INT"]
[Date "2024.05.14"]
[Round "5"]
[White "Stojanovski, Sandi"]
[Black "Zalapa, Alejandro"]
[Result "1-0"]
[WhiteElo "2169"]
[BlackElo "1923"]
[PlyCount "81"]
[EventDate "2024.05.14"]
[EventType "swiss (blitz)"]
[EventRounds "11"]
[EventCountry "USA"]
[SourceTitle "CBM 220 Extra"]
[Source "ChessBase"]
[SourceDate "2024.07.31"]
[SourceVersion "1"]
[SourceVersionDate "2024.07.31"]
[SourceQuality "1"]

1. d4 Nf6 2. c4 c5 3. e3 e6 4. Nf3 d5 5. Nc3 cxd4 6. exd4 Bb4 7. cxd5 Nxd5 8. Bd2 0-0 9. Bd3 Nc6 10. 0-0 a6 11. Bxh7+ Kxh7 12. Ng5+ Kg8 13. Qh5 Nf6 14. Qh4 Ne7 15. Nce4 Ned5 16. Bxb4 Re8 17. Nxf6+ Nxf6 18. Rad1 Qd5 19. Rd3 e5 20. Re1 Bf5 21. Rf3 Bg6 22. dxe5 Rxe5 23. Nh3 Rxe1+ 24. Bxe1 Re8 25. Re3 Rxe3 26. fxe3 Qxa2 27. Nf4 Qb1 28. Qf2 Ne4 29. Qe2 Bf5 30. h3 Nc5 31. Kh2 Bd3 32. Qd2 Be4 33. Bg3 g6 34. Qd8+ Kg7 35. Nd5 Qd3 36. Be5+ Kh6 37. Qh8+ Kg5 38. Qf6+ Kh6 39. Qh8+ Kg5 40. Bf4+ Kf5 41. Qf6# 1-0

[Event "Titled Tuesday intern op 14th May Late"]
[Site "Chess.com INT"]
[Date "2024.05.14"]
[Round "4"]
[White "Zalapa, Alejandro"]
[Black "Deveci, Huseyin Said"]
[Result "1-0"]
[WhiteElo "1923"]
[BlackElo "2258"]
[PlyCount "58"]
[EventDate "2024.05.14"]
[EventType "swiss (blitz)"]
[EventRounds "11"]
[EventCountry "USA"]
[SourceTitle "CBM 220 Extra"]
[Source "ChessBase"]
[SourceDate "2024.07.31"]
[SourceVersion "1"]
[SourceVersionDate "2024.07.31"]
[SourceQuality "1"]

1. c4 b5 2. cxb5 d5 3. d4 Nf6 4. Nf3 a6 5. bxa6 Bxa6 6. Nc3 e6 7. g3 Bd6 8. Bg2 0-0 9. 0-0 c5 10. Re1 Nc6 11. e4 cxd4 12. Nxd4 Nxd4 13. Qxd4 dxe4 14. Nxe4 Nxe4 15. Qxe4 Rb8 16. b3 Qf6 17. Rb1 Bb7 18. Qe2 Bxg2 19. Kxg2 Bb4 20. Bb2 Qg6 21. Red1 Rbc8 22. Rbc1 h5 23. a3 Be7 24. b4 h4 25. Rxc8 Rd8 26. Rdxd8+ Bxd8 27. Rxd8+ Kh7 28. Rd4 hxg3 29. hxg3 Kg8 1-0

[Event "Titled Tuesday intern op 27th Jun Late"]
[Site "Chess.com INT"]
[Date "2023.06.27"]
[Round "10"]
[White "Crispin Ferreras, Darvi Abraham"]
[Black "Zalapa, Alejandro"]
[Result "1-0"]
[WhiteElo "2131"]
[BlackElo "1904"]
[PlyCount "57"]
[EventDate "2023.06.27"]
[EventType "swiss (blitz)"]
[EventRounds "11"]
[EventCountry "USA"]
[SourceTitle "EXT 2024"]
[Source "ChessBase"]
[SourceDate "2023.10.10"]
[SourceVersion "1"]
[SourceVersionDate "2023.10.10"]
[SourceQuality "1"]

1. e4 c5 2. Nf3 d6 3. c3 Nf6 4. Be2 e6 5. 0-0 Be7 6. Re1 0-0 7. d3 Nc6 8. h3 b6 9. Bf1 Bb7 10. Bf4 d5 11. e5 Nd7 12. d4 cxd4 13. cxd4 Rc8 14. Nc3 Na5 15. Rc1 Nc4 16. b3 Na5 17. Nb5 a6 18. Nd6 Bxd6 19. exd6 Qf6 20. Qd2 h6 21. Bd3 Nc6 22. Ne5 Ndxe5 23. dxe5 Qd8 24. Bxh6 a5 25. Bg5 Qd7 26. Qf4 f5 27. exf6 gxf6 28. Bxf6 Qf7 29. Qg5+ 1-0

[Event "Titled Tuesday intern op 27th Jun Late"]
[Site "Chess.com INT"]
[Date "2023.06.27"]
[Round "8"]
[White "Gulamirian, Korun"]
[Black "Zalapa, Alejandro"]
[Result "0-1"]
[WhiteElo "1816"]
[BlackElo "1904"]
[PlyCount "112"]
[EventDate "2023.06.27"]
[EventType "swiss (blitz)"]
[EventRounds "11"]
[EventCountry "USA"]
[SourceTitle "EXT 2024"]
[Source "ChessBase"]
[SourceDate "2023.10.10"]
[SourceVersion "1"]
[SourceVersionDate "2023.10.10"]
[SourceQuality "1"]

1. e4 c5 2. Nf3 d6 3. d4 cxd4 4. Nxd4 Nf6 5. f3 g6 6. Be3 Bg7 7. Nc3 Nc6 8. Qd2 Nxd4 9. Bxd4 Be6 10. 0-0-0 Qa5 11. Kb1 0-0 12. Nd5 Qd8 13. Nxf6+ exf6 14. Bc3 Qc8 15. Bb5 a6 16. Ba4 Rd8 17. Bb3 Bxb3 18. axb3 Qc6 19. Qf4 d5 20. e5 fxe5 21. Bxe5 Rac8 22. c3 Bxe5 23. Qxe5 d4 24. Rd3 dxc3 25. Rxc3 Qb6 26. Rhc1 Rxc3 27. Rxc3 Qg1+ 28. Ka2 Qxg2 29. Qc7 Rf8 30. h4 b5 31. h5 Qh3 32. hxg6 hxg6 33. f4 Qf5 34. Rc5 Qd3 35. Rc3 Qd5 36. Rh3 a5 37. Qc3 f6 38. f5 a4 39. fxg6 axb3+ 40. Qxb3 Ra8+ 41. Kb1 Qxb3 42. Rxb3 Kg7 43. Rxb5 Kxg6 44. b4 f5 45. Kc2 Kg5 46. Kd2 Kg4 47. Ke2 f4 48. Ra5 Re8+ 49. Kf2 Rc8 50. Ra2 Rb8 51. Rb2 Rb5 52. Kg2 Rh5 53. b5 f3+ 54. Kg1 Kg3 55. b6 Rh8 56. b7 Rb8 0-1

[Event "Titled Tuesday intern op 27th Jun Late"]
[Site "Chess.com INT"]
[Date "2023.06.27"]
[Round "2"]
[White "Zalapa, Alejandro"]
[Black "Tomaszewski, Kacper"]
[Result "0-1"]
[WhiteElo "1904"]
[BlackElo "2313"]
[PlyCount "104"]
[EventDate "2023.06.27"]
[EventType "swiss (blitz)"]
[EventRounds "11"]
[EventCountry "USA"]
[SourceTitle "EXT 2024"]
[Source "ChessBase"]
[SourceDate "2023.10.10"]
[SourceVersion "1"]
[SourceVersionDate "2023.10.10"]
[SourceQuality "1"]

1. e4 Nc6 2. Nf3 e5 3. d4 exd4 4. Bc4 Bc5 5. c3 Nf6 6. 0-0 dxc3 7. Nxc3 0-0 8. Bg5 Be7 9. Qd2 Ne8 10. Bf4 d6 11. Rad1 Be6 12. Nd5 Nf6 13. Nxe7+ Nxe7 14. Bxe6 fxe6 15. Bg5 Nxe4 16. Qe3 Nxg5 17. Nxg5 Qd7 18. Nxe6 Rf6 19. Nc5 Qg4 20. Qxe7 dxc5 21. Rd8+ Rxd8 22. Qxd8+ Rf8 23. Qxc7 Qb4 24. b3 a5 25. Qd7 b6 26. Rd1 h6 27. Qe6+ Kh8 28. Qe7 Qf4 29. Qe2 Qf6 30. f3 Rd8 31. Rxd8+ Qxd8 32. Kf2 Qd4+ 33. Kg3 Kh7 34. h4 Qd6+ 35. Kh3 Qd7+ 36. g4 b5 37. h5 Qc6 38. Kg3 c4 39. Qc2+ Kh8 40. bxc4 bxc4 41. Qf5 Qd6+ 42. Kh3 Qd3 43. Qxa5 c3 44. Qa8+ Kh7 45. Qc8 c2 46. Kg3 Qd2 47. Qf5+ Kg8 48. Qe6+ Kf8 49. Qf5+ Ke7 50. Qe5+ Kd7 51. Qxg7+ Kc6 52. Qf6+ Qd6+ 0-1

[Event "FIDE World Cup Mexico Qual"]
[Site "Mexico City"]
[Date "2021.05.28"]
[Round "4"]
[White "Zalapa, Alejandro"]
[Black "Espinoza Villanueva, Rodrigo"]
[Result "1-0"]
[WhiteElo "1921"]
[BlackElo "2023"]
[PlyCount "128"]
[EventDate "2021.05.26"]
[EventType "swiss"]
[EventRounds "9"]
[EventCountry "MEX"]
[SourceTitle "CBM 202 Extra"]
[Source "ChessBase"]
[SourceDate "2021.07.31"]
[SourceVersion "1"]
[SourceVersionDate "2021.07.31"]
[SourceQuality "1"]

1. c4 g6 2. Nc3 Bg7 3. d4 d6 4. e4 Nf6 5. h3 0-0 6. Be3 c5 7. d5 e6 8. Bd3 exd5 9. exd5 Re8 10. Nge2 Nbd7 11. Bc2 Ne5 12. b3 a6 13. a4 Rb8 14. Qd2 Qa5 15. Ne4 Qxd2+ 16. Nxd2 b5 17. axb5 axb5 18. 0-0 bxc4 19. bxc4 Rb4 20. Ra4 Rxa4 21. Bxa4 Bd7 22. Bxd7 Nfxd7 23. Rb1 Ra8 24. Rb7 Rb8 25. Rxb8+ Nxb8 26. Nc3 f5 27. Nb5 Bf8 28. Kf1 Nbd7 29. Ke2 Nb6 30. Na3 Na4 31. Bg5 Kf7 32. f4 Nd7 33. Kd3 h6 34. Bd8 Ke8 35. Ba5 Nab6 36. Nb5 Nc8 37. Nc7+ Kf7 38. Ne6 Be7 39. Nb1 Nf8 40. Nc7 Bd8 41. Nc3 Bxc7 42. Bxc7 Ke7 43. Nb5 Kd7 44. Ba5 g5 45. Bd2 Nh7 46. g4 Ne7 47. gxf5 Nxf5 48. Ke4 Nh4 49. Bc3 gxf4 50. Kxf4 Ng5 51. Kg4 Ng2 52. Bd2 Ne4 53. Bxh6 Ne1 54. h4 Nd3 55. Bf4 Nf6+ 56. Kf5 Ne8 57. Bg3 Ke7 58. Kg6 Nb2 59. Na3 Nd3 60. h5 Ne5+ 61. Bxe5 dxe5 62. h6 Nd6 63. h7 Nf7 64. Kg7 Kd8 1-0

[Event "Mexican op 64th"]
[Site "Aguascalientes"]
[Date "2018.03.27"]
[Round "1"]
[White "Almeida Quintana, Omar"]
[Black "Zalapa, Alejandro"]
[Result "1-0"]
[WhiteElo "2521"]
[BlackElo "2001"]
[PlyCount "37"]
[EventDate "2018.03.27"]
[EventType "swiss"]
[EventRounds "9"]
[EventCountry "MEX"]
[SourceTitle "EXT 2019"]
[Source "ChessBase"]
[SourceDate "2018.10.10"]
[SourceVersion "1"]
[SourceVersionDate "2018.10.10"]
[SourceQuality "1"]

1. d4 Nf6 2. Nf3 c5 3. d5 d6 4. Nc3 g6 5. e4 Bg7 6. Be2 a6 7. a4 Qa5 8. Nd2 b5 9. axb5 Qb6 10. Nc4 Qc7 11. e5 Nfd7 12. exd6 exd6 13. Bf4 Ne5 14. Bxe5 Bxe5 15. Nxe5 dxe5 16. d6 Qb6 17. Qd5 0-0 18. Qxa8 Bb7 19. Nd5 1-0

[Event "Mexican op 62nd"]
[Site "Oaxtepec"]
[Date "2016.03.22"]
[Round "1"]
[White "Zalapa, Alejandro"]
[Black "Miranda Mesa, Elier"]
[Result "0-1"]
[WhiteElo "1983"]
[BlackElo "2433"]
[PlyCount "64"]
[EventDate "2016.03.22"]
[EventType "swiss"]
[EventRounds "9"]
[EventCountry "MEX"]
[SourceTitle "CBM 171 Extra"]
[Source "ChessBase"]
[SourceDate "2016.04.26"]
[SourceVersion "1"]
[SourceVersionDate "2016.04.26"]
[SourceQuality "1"]

1. c4 e5 2. Nc3 Nc6 3. g3 Bc5 4. Bg2 d6 5. e3 Nge7 6. Nge2 a6 7. d4 exd4 8. Nxd4 0-0 9. 0-0 Ba7 10. Nxc6 Nxc6 11. b3 Ne5 12. Bb2 Bg4 13. Qc2 Qc8 14. Nd5 Re8 15. f4 Nd7 16. Qc3 f6 17. h3 Bh5 18. Rae1 c6 19. Nb4 a5 20. Nc2 Nc5 21. Kh2 Bg6 22. Nd4 Be4 23. Bxe4 Nxe4 24. Qc2 Qd7 25. f5 Bxd4 26. exd4 d5 27. Rf4 Qd6 28. Qc1 b5 29. c5 Qc7 30. Qd1 Re7 31. Rg1 Nxg3 32. Qg4 Ne2 0-1

[Event "MEX-ch op 50th"]
[Site "Leon"]
[Date "2004.04.06"]
[Round "1"]
[White "Gonzalez Zamora, Juan Carlos"]
[Black "Zalapa, Alejandro"]
[Result "1-0"]
[WhiteElo "2517"]
[BlackElo "2033"]
[PlyCount "75"]
[EventDate "2004.04.06"]
[EventType "swiss"]
[EventRounds "9"]
[EventCountry "MEX"]
[SourceTitle "CBM 099 Extra"]
[Source "ChessBase"]
[SourceDate "2004.05.04"]
[SourceVersion "1"]
[SourceVersionDate "2004.05.04"]
[SourceQuality "1"]

1. d4 Nf6 2. c4 g6 3. Nc3 Bg7 4. e4 d6 5. Nf3 0-0 6. Be2 e5 7. Be3 Nc6 8. d5 Ne7 9. Nd2 Ne8 10. b4 f5 11. f3 f4 12. Bf2 a5 13. a3 g5 14. c5 Ng6 15. Nc4 axb4 16. axb4 Rxa1 17. Qxa1 h5 18. Qa5 g4 19. cxd6 Nxd6 20. Nxd6 cxd6 21. Qxd8 Rxd8 22. Bb6 Rf8 23. Nb5 Nh4 24. Kf2 Bd7 25. Nxd6 Ra8 26. Rc1 Bf8 27. Rc7 Bxd6 28. Rxd7 Bxb4 29. Rd8+ Rxd8 30. Bxd8 Bc5+ 31. Kf1 gxf3 32. gxf3 Ng6 33. Bc7 Kf7 34. d6 Nf8 35. Bc4+ Ke8 36. Bb5+ Nd7 37. Ke2 h4 38. h3 1-0

[Event "MEX Nacional op"]
[Site "Pachuca"]
[Date "2003.04.14"]
[Round "1"]
[White "Villegas Corona, Rafael"]
[Black "Zalapa, Alejandro"]
[Result "1-0"]
[WhiteElo "2306"]
[BlackElo "2005"]
[PlyCount "98"]
[EventDate "2003.04.15"]
[EventType "swiss"]
[EventRounds "9"]
[EventCountry "MEX"]
[SourceTitle "CBM 093 Extra"]
[Source "ChessBase"]
[SourceDate "2003.05.09"]
[SourceVersion "1"]
[SourceVersionDate "2003.05.09"]
[SourceQuality "1"]

1. e4 c5 2. Nf3 d6 3. d4 cxd4 4. Nxd4 Nf6 5. Nc3 a6 6. Be3 e5 7. Nb3 Be6 8. f3 Nbd7 9. Qd2 Qc7 10. g4 h6 11. 0-0-0 b5 12. Kb1 Nb6 13. Bxb6 Qxb6 14. Nd5 Bxd5 15. exd5 a5 16. Qe2 Rb8 17. f4 Nd7 18. fxe5 Nxe5 19. Nd4 Be7 20. Nc6 Nxc6 21. dxc6 Qxc6 22. Bg2 Qc7 23. Rhe1 Kd8 24. Bc6 b4 25. Rd5 a4 26. Bxa4 Ra8 27. Bc6 Ra7 28. Rb5 Qxc6 29. Rb8+ Kc7 30. Rxh8 Bf6 31. Rf8 Qd5 32. c4 bxc3 33. b3 Kb6 34. Rb8+ Rb7 35. Rxb7+ Kxb7 36. Qe4 Kc6 37. Kc2 Qxe4+ 38. Rxe4 d5 39. Rf4 d4 40. Rf5 Kd6 41. a4 Kc6 42. b4 Kb6 43. Kd3 Be7 44. Rxf7 Bxb4 45. Rxg7 Ka5 46. Ra7+ Kb6 47. Ra8 Be7 48. Re8 Bg5 49. Re5 Bd8 1-0